00461nam a22001697a 450000500170000001000150001702000260003203500140005803700130007208200100008510000160009524500410011126000310015227000670018330000220025050000190027220171101124909.0 aENG-121028 c975.00a9788181523259 aEN-104560 bDBAD/PUB a306.2 aArora, Neha aPolitical sociology /cby Neha Arora aJaipurbBook Enclavec2013 aF-11, S.S. Tower, Dhamani Street, Chaura RastabJaipure302003 av,263p.c22cm(Hb) aIncludes index